| 000 | 00748nam a22002175i 4500 | ||
|---|---|---|---|
| 001 | 157325 | ||
| 003 | ES-MaACL | ||
| 005 | 20230906210642.0 | ||
| 008 | 000114s1891 fr |||| | fre d | ||
| 040 |
_aCAM _bspa _cCAM |
||
| 100 | 1 |
_aLavoix, Henri-Marie-François. _9128756 |
|
| 245 | 1 | 3 |
_aLa musique française / _cpar H. Lavoix fils. |
| 260 |
_aParis : _bLibrairies-imprimeries réunies, _c[s.a.] |
||
| 300 |
_a320 p. : _bil. ; _c21 cm. |
||
| 490 | 1 | _aBibliothéque de l'enseignement des beaux-arts | |
| 596 | 1 | _aEn verso de la antep. consta la fecha 1891. | |
| 650 | 4 |
_aMúsica- _zFrancia. _915390 |
|
| 830 | 0 |
_aBibliothéque de l'enseignement des beaux-arts _9181140 |
|
| 852 |
_aES-MaACL _jB-2531 _z-- Enc. tela |
||
| 999 |
_c157325 _d157325 |
||